On This Day: February 15th II Quiz Stats

 Plays Quiz Updated Feb 19, 2018

Score 0/7 Timer 03:00
0 Plays Today
Question Answer Wrong Answers
A new red-and-white maple leaf design goes into effect as the flag of ______.
1965
Canada
97.3%
Turkey
0.5%
Bahrain
0.4%
Denmark
0.3%
This American suffragist and activist, who would later became the first actual woman to be depicted on US coinage, is born.
1820
Susan B. Anthony
91.1%
Jane Addams
2.2%
Clara Barton
3%
Elizabeth Cady Stanton
3.7%
Protests against this war take place in over 600 cities worldwide. It is estimated that between 8 million and 30 million people participate.
2003
Iraq War
77.5%
Syrian Civil War
4.3%
Bosnian War
11.4%
Kosovo War
4.9%
The Soviet Union officially announces that all of its troops have left this nation.
1989
Afghanistan
75.7%
Ukraine
11.2%
Kazakhstan
3.3%
Poland
8.1%
A ______ explodes over Russia, injuring 1,500 people as a shock wave blows out windows and rocks buildings.
2013
Meteor
75.2%
Airplane
9.9%
Bomb
6.8%
Spacecraft
6.2%
The battleship USS Maine explodes and sinks in Havana harbor in Cuba, escalating tensions between the United States and this country.
1898
Spain
69.2%
Mexico
20.1%
Nicaragua
6.5%
Argentina
3.3%
The Postal Service begins using private contractors for U.S. Airmail Service after the enactment of _____.
1926
The Air Mail Act
52.2%
The Aviation Act
13.2%
The Postal Aeronautics Act
7.9%
The Postmaster Act
25.4%

You're not logged in!

Compare scores with friends on all Sporcle quizzes.
OR
Log In

Sporcle TV

Today on Sporcle TV


Watch our educational content, quiz creation guides, and fun videos on Sporcle TV.

Show Comments

Extras

Top Quizzes Today


Score Distribution

Your Account Isn't Verified!

In order to create a playlist on Sporcle, you need to verify the email address you used during registration. Go to your Sporcle Settings to finish the process.

Report this User

Report this user for behavior that violates our Community Guidelines.

Details: